MDQL
is popping MORE tags! Check the
thread
!
Quizzes
Events
Quiz Creation
Community
Videos
Private Events
Remove Ads
Sign In
Join for FREE
Feedback
Dark Mode
Quiz Categories
Sports
Geography
Music
Movies
Television
Just For Fun
Miscellaneous
History
Literature
Language
Science
Gaming
Entertainment
Religion
Holiday
For Kids
Quiz Lab
Recent
Popular Today
Quiz Kudos Today
Editor Picks
Curator Picks
Quizzes by...
Day
Popularity
Type
Ratings
Length
Year
Community
Subscriptions
Recent Discussions
Orange Saloon
Badges
Playlists
Quests
Create
Leaderboards
Showdown
Live 5
Trivia Bingo
Activity
Puzzle Library
Sporcle Events
Private Events
Virtual Trivia
Globe League
Become a Host
Pub Owners
SporcleCon
Opinionation
Our Games
Videos
Blog
Mobile Apps
Partnerships
Remove Ads and Go Orange
Feedback
Geography
Country
Landmarks
City
State
Population
World
Capital
Continent
Flags
Europe
Africa
Asia
South America
North America
Oceania
Border
Canada
United Kingdom
Topography
United States
Geography
Country
Landmarks
City
State
Population
World
Capital
Continent
Flags
Europe
Africa
Asia
South America
North America
Oceania
Border
Canada
United Kingdom
Topography
United States
Random Quiz
Search Sporcle
×
Quiz Lab
Quiz Lab
Geography
destination
Type in answers that appear in a list
Type in answers that appear in a list
Classic
Best Score? Go Orange.
Tourists in the Bahamas Stats
Can you name the most popular countries of origin of tourists in the Bahamas?
By
tidal93341
5m
30 Questions
100 Plays
100 Plays
100 Plays
Comments
Comments
Give Quiz Kudos
Give Quiz Kudos
-
- Ratings
hide this ad
Replay
Link that replays current quiz
Next Quiz
Link to next quiz in quiz playlist
You Got
0%
They Got
Avg Score
84%
Avg Friend Score
Upgrade to see
Score Distribution
Jump to the score distribution portion of the page
Score
0/30
Timer
05:00
0
Plays Today
Number of Tourists
Country
% Correct
1,066,064
USA
100%
123,720
Canada
98%
14,001
France
95%
4,384
Mexico
95%
23,989
UK
93%
8,934
Germany
92%
8,878
Brazil
92%
3,669
Spain
91%
8,362
Italy
90%
1,861
Sweden
88%
6,291
Jamaica
87%
5,045
Argentina
87%
1,304
Norway
87%
1,958
Russia
86%
2,121
Venezuela
84%
Number of Tourists
Country
% Correct
1,118
Chile
84%
3,858
Australia
82%
3,707
Colombia
82%
5,040
Switzerland
81%
1,057
Peru
81%
1,106
Netherlands
80%
1,545
Haiti
80%
1,695
Panama
79%
1,614
Austria
76%
1,754
Trinidad and Tobago
75%
1,501
South Africa
75%
990
Ecuador
74%
1,406
Belgium
71%
903
Paraguay
70%
1,004
Barbados
68%
Quiz Playlist
Details
Report
Send in Message
Add To Playlist
Classic:
Type in answers that appear in a list
Quiz Source
Last Updated: Feb 21, 2017
Quiz Scoreboard
CHALLENGE
Sign Up to Join the Scoreboard
Show All
Scores
Hide
Comments
May contain spoilers
Recently Published
Street Fighter Characters
by Artimus82
Gaming
60s
9x9 Crossword: Cartoon Network
by jackfrog10
Miscellaneous
3m
College Basketball Coaching Resumes
by pancakes188
Sports
9m
More to Explore
Quiz From the Vault
Featured Blog Post
Where Did the Easter Bunny Come From?
hide this ad
You Might Also Like...
Tags
Bahamas
destination
tourism
tourist
Today's Top Quizzes in Geography
Browse Geography
hide this ad
Today's Top Quizzes in destination
Browse destination
Top Contributed Quizzes in Geography
1
Countries of the World - No Outlines Minefield
2
Top 25 Cities of France on a map
3
Any capital of a 'B' country per Continent
4
Any capital of a 'C' country per Continent
5
Closest Countries to UK A-Z
6
Any capital of a 'D' country per Continent
7
5-to-1: US Geography No Hints
8
Any capital of an 'E' country per Continent
9
Find the US States - No Outlines
10
Any capital of an 'F' country per Continent
Explore More
Trending Topics
Crossword
Harry Potter
NBA
Disney
Anime
Marvel
Kpop
Pokémon
Puzzle
Country
WWE
Song
Soccer
NFL
The Office
hide this ad
More By:
tidal93341
Quiz
Plays
Rating
Category
Featured
Created
UK Immigrant Origin Countries by Continent
40,992
4.58
Geography
Nov 8, 2015
Anything but Vietnam
39,545
4.66
Geography
Aug 14, 2015
Foreign-Born Population: Malta
31,759
4.52
Geography
Mar 13, 2017
Second Largest Religion by Country
18,849
4.38
Religion
Feb 6, 2015
British Diaspora
7,412
4.67
Geography
Oct 7, 2015
Go to Creator's Profile
Score Distribution
Quiz Creator Spotlight
tidal93341
Follow
Send a Message
Quizzes Created
-
Created Quiz Play Count
-
More By This Creator
Popular Quizzes Today
1
Find the US States - No Outlines Minefield
2
Find the Countries of Europe - No Outlines Minefield
3
The Countries of the World
4
Find the US States
5
Risky Map Clicking: Biggest States A-Z
6
US States
7
Popular People in 1961
8
Movies - When Are They Set?
More Geography Quizzes
Which Photo Was Taken in Europe?
Published
Trending Quizzes
Risky Map Clicking: Least Populous States A-Z
1-10 Letter G Words
Risky Map Clicking: Next State Alphabetically
Adjectives in 80s TV Shows
The Seven Year Switch: Catherine
Recently Updated
Leaping Animals
pecheneg
Reality TV Shows (A-Z)
bhenderson79
Rickey Henderson's Hall of Fame Teammates
pecheneg
Champions League XIs: Arsenal
pecheneg
Quick Pick: Celebrities in WWE's Hall of Fame
aduchscher
A-Z Keypad Blitz II
pecheneg
Multiple Oscar Actors
pecheneg
Mystery Phrase Blitz: Oscar 'Best Actors'
pecheneg
F. Scott Fitzgerald Novels
LTH
Pick 3 Villains
ddd62291
Trending Topics
Marvel
Disney
Harry Potter
Crossword
Anime
Kpop
NBA
NFL
WWE
Soccer
The Office
Country
Song
Puzzle
Pokémon
Your Account Isn't Verified!
In order to create a playlist on Sporcle, you need to verify the email address you used during registration. Go to your
Sporcle Settings
to finish the process.
Report this User
Report this user for behavior that violates our
Community Guidelines
.
Details:
Send Report
Go to the Sporcle.com Mobile Site →
Comments